La teoría sociológica (Record no. 135076)

MARC details
000 -LEADER
campo de control de longitud fija 00690nam a2200205 i 4500
001 - NÚMERO DE CONTROL
campo de control 135076
003 - IDENTIFICADOR DE NÚMERO DE CONTROL
campo de control ES-MaACL
005 - FECHA Y HORA DE LA ÚLTIMA TRANSACCIÓN
campo de control 20230906194812.0
007 - CAMPO FIJO DE DESCRIPCIÓN FÍSICA--INFORMACIÓN GENERAL
campo de control de longitud fija t|
008 - DATOS DE LONGITUD FIJA--INFORMACIÓN GENERAL
campo de control de longitud fija 070709s1974 mx ||||1| spa d
080 ## - NÚMERO DE LA CLASIFICACIÓN DECIMAL UNIVERSAL
Número de la Clasificación Decimal Universal 301-19(091)
100 1# - ENTRADA PRINCIPAL--NOMBRE DE PERSONA
Nombre de persona Timasheff, Nicholas S.
9 (RLIN) 110279
245 13 - MENCIÓN DEL TÍTULO
Título La teoría sociológica
Resto del título : su naturaleza y desarrollo /
Mención de responsabilidad, etc. Nicholas S. Timasheff ; [traducción de Florentino M. Torner].
250 ## - MENCION DE EDICION
Mención de edición [1ª ed., 5ª reimp.].
260 ## - PUBLICACIÓN, DISTRIBUCIÓN, ETC.
Lugar de publicación, distribución, etc. México :
Nombre del editor, distribuidor, etc. Fondo de Cultura Económica,
Fecha de publicación, distribución, etc. [1974]
300 ## - DESCRIPCIÓN FÍSICA
Extensión 397 p. :
Otras características físicas il. ;
Dimensiones 23 cm.
650 #4 - PUNTO DE ACCESO ADICIONAL DE MATERIA--TÉRMINO DE MATERIA
Término de materia o nombre geográfico como elemento de entrada Sociología-
Subdivisión de forma Historia.
9 (RLIN) 17200
700 1# - ENTRADA AGREGADA--NOMBRE PERSONAL
Nombre de persona Torner, Florentino M.
9 (RLIN) 110662
852 ## - LOCALIZACIÓN
Ubicación ES-MaACL
Número de control de estantería E-6111
Sublocalización o colección R.90579
Holdings
Estatus retirado Estado de pérdida Estado de daño No para préstamo Biblioteca de origen Biblioteca actual Ubicación en estantería Fecha de adquisición Fuente de adquisición Total de préstamos Signatura topográfica completa Código de barras Visto por última vez Precio de reemplazo Tipo de ítem Koha
        Biblioteca del Ateneo de Madrid Biblioteca del Ateneo de Madrid Depósito 2 17/01/2008     E-6111 1140594 23/02/2023 23/02/2023 Libro impreso